[Event "POL-chT 1st League"]
[Site "Leba"]
[Date "2023.09.30"]
[Round "8.3"]
[White "Szadkowski, Kamil"]
[Black "Sernecki, Franciszek"]
[Result "1/2-1/2"]
[WhiteElo "2280"]
[BlackElo "2281"]
[PlyCount "82"]
[EventDate "2023.09.23"]
[EventType "team-swiss"]
[EventRounds "9"]
[EventCountry "POL"]
[SourceTitle "EXT 2024"]
[Source "ChessBase"]
[SourceDate "2023.10.10"]
[SourceVersion "1"]
[SourceVersionDate "2023.10.10"]
[SourceQuality "1"]
[WhiteTeam "Konin UKS Smecz"]
[BlackTeam "Sedziszow Malopolski"]
[WhiteTeamCountry "POL"]
[BlackTeamCountry "POL"]

1. e4 c6 2. d4 d5 3. e5 Bf5 4. Nf3 e6 5. Be2 Nd7 6. Nbd2 Ne7 7. Nb3 h6 8. 0-0 g5 9. Ne1 Bg7 10. a4 0-0 11. Nd3 f6 12. f4 fxe5 13. fxg5 hxg5 14. Bxg5 exd4 15. Nf4 Nf6 16. g4 Ne4 17. Bh4 Qd6 18. Bxe7 Qxe7 19. gxf5 Rxf5 20. Nxd4 Rg5+ 21. Kh1 e5 22. Nf3 exf4 23. Nxg5 Qxg5 24. Bf3 Re8 25. Ra3 Re6 26. Bxe4 dxe4 27. Qd7 Qd5 28. Qc8+ Kh7 29. Rh3+ Rh6 30. Rxh6+ Bxh6 31. c4 Qd3 32. Qf5+ Kh8 33. Qf6+ Kh7 34. Qf5+ Kh8 35. Qc8+ Kh7 36. Qc7+ Kg6 37. Rg1+ Kf6 38. Qh7 Qf3+ 39. Rg2 Qf1+ 40. Rg1 Qf3+ 41. Rg2 Qf1+ 1/2-1/2

[Event "Trzcianka Dziedzic Memorial 12th"]
[Site "Trzcianka"]
[Date "2022.11.13"]
[Round "9"]
[White "Piesik, Piotr"]
[Black "Szadkowski, Kamil"]
[Result "1-0"]
[WhiteElo "2416"]
[BlackElo "2284"]
[PlyCount "45"]
[EventDate "2022.11.13"]
[EventType "swiss (rapid)"]
[EventRounds "9"]
[EventCountry "POL"]
[SourceTitle "CBM 211 Extra"]
[Source "ChessBase"]
[SourceDate "2023.01.31"]
[SourceVersion "1"]
[SourceVersionDate "2023.01.31"]
[SourceQuality "1"]

1. Nf3 Nf6 2. g3 g6 3. Bg2 Bg7 4. 0-0 0-0 5. d4 d6 6. Nbd2 a6 7. e4 Nbd7 8. Qe2 c5 9. e5 Ne8 10. e6 fxe6 11. Qxe6+ Kh8 12. Ng5 Ne5 13. Qb3 cxd4 14. Nc4 Nxc4 15. Qxc4 d5 16. Bxd5 Nd6 17. Qb3 e5 18. Bd2 a5 19. Rae1 Ra6 20. f4 exf4 21. Rxf4 Rxf4 22. Bxf4 b5 23. Bxd6 1-0

[Event "POL-chT 1st League"]
[Site "Sypniewo"]
[Date "2022.09.05"]
[Round "3.3"]
[White "Szadkowski, Kamil"]
[Black "Kacprzak, Kacper"]
[Result "1/2-1/2"]
[WhiteElo "2290"]
[BlackElo "2249"]
[PlyCount "52"]
[EventDate "2022.09.03"]
[EventType "team-swiss"]
[EventRounds "9"]
[EventCountry "POL"]
[SourceTitle "CBM 210 Extra"]
[Source "ChessBase"]
[SourceDate "2022.11.30"]
[SourceVersion "1"]
[SourceVersionDate "2022.11.30"]
[SourceQuality "1"]
[WhiteTeam "Konin UKS Smecz"]
[BlackTeam "Opole Rodlo"]
[WhiteTeamCountry "POL"]
[BlackTeamCountry "POL"]

1. e4 c5 2. Nf3 d6 3. d4 cxd4 4. Nxd4 Nf6 5. Nc3 a6 6. Bg5 e6 7. f4 Qb6 8. Qd2 Nc6 9. Nb3 Qc7 10. 0-0-0 Be7 11. g4 h6 12. Bh4 g5 13. e5 Nxg4 14. fxg5 Ngxe5 15. Kb1 hxg5 16. Bg3 f5 17. Be2 Bd7 18. Nd4 Nxd4 19. Qxd4 0-0-0 20. Na4 Bxa4 21. Qxa4 f4 22. Bf2 Qc6 23. Qb3 Rh6 24. Bd4 Nd7 25. Bf3 d5 26. c4 Nc5 1/2-1/2

[Event "Suwalki Warakomska Memorial 6th"]
[Site "Suwalki"]
[Date "2022.08.05"]
[Round "3"]
[White "Szadkowski, Kamil"]
[Black "Jarocka, Liwia"]
[Result "1/2-1/2"]
[WhiteElo "2326"]
[BlackElo "2127"]
[PlyCount "103"]
[EventDate "2022.08.03"]
[EventType "swiss"]
[EventRounds "9"]
[EventCountry "POL"]
[SourceTitle "CBM 209 Extra"]
[Source "ChessBase"]
[SourceDate "2022.09.30"]
[SourceVersion "1"]
[SourceVersionDate "2022.09.30"]
[SourceQuality "1"]

1. e4 c6 2. d4 d5 3. f3 dxe4 4. fxe4 e5 5. Nf3 Bg4 6. Bc4 Nd7 7. 0-0 Ngf6 8. c3 Bd6 9. Qb3 0-0 10. Bg5 Bxf3 11. Rxf3 Qc7 12. Nd2 Rae8 13. Raf1 Qb6 14. Qxb6 axb6 15. Bb3 b5 16. Rf5 Kh8 17. Bc2 Bb8 18. Kh1 h6 19. Be3 Re7 20. Bg1 Ne8 21. dxe5 g6 22. R5f2 Bxe5 23. Nf3 Bg7 24. Rd2 Nef6 25. e5 Nd5 26. Bb3 Rfe8 27. Bxd5 cxd5 28. Rxd5 b4 29. cxb4 Nxe5 30. Bc5 Rd7 31. Rdd1 Rxd1 32. Rxd1 Nxf3 33. gxf3 Re2 34. Rd8+ Kh7 35. Rd7 Rxb2 36. Rxf7 Rb1+ 37. Kg2 Kg8 38. Rxb7 Rb2+ 39. Kg3 Rxa2 40. b5 g5 41. Kg4 Rxh2 42. Kf5 Re2 43. Re7 Rc2 44. Kg6 Bf8 45. Rc7 Rxc5 46. Rxc5 Bxc5 47. Kxh6 Be3 48. Kg6 Kf8 49. b6 Bf4 50. b7 Ke7 51. b8Q Bxb8 52. Kxg5 1/2-1/2

[Event "Suwalki Warakomska Memorial 6th"]
[Site "Suwalki"]
[Date "2022.08.03"]
[Round "1"]
[White "Szadkowski, Kamil"]
[Black "Janeczko, Jakub"]
[Result "1/2-1/2"]
[WhiteElo "2326"]
[BlackElo "2114"]
[PlyCount "105"]
[EventDate "2022.08.03"]
[EventType "swiss"]
[EventRounds "9"]
[EventCountry "POL"]
[SourceTitle "CBM 209 Extra"]
[Source "ChessBase"]
[SourceDate "2022.09.30"]
[SourceVersion "1"]
[SourceVersionDate "2022.09.30"]
[SourceQuality "1"]

1. e4 c5 2. Nf3 d6 3. d4 cxd4 4. Nxd4 Nf6 5. Nc3 a6 6. Be3 e5 7. Nb3 Be7 8. h3 h5 9. Be2 Be6 10. 0-0 Nbd7 11. Kh1 Rc8 12. Qe1 b5 13. a3 Nb6 14. f4 Nc4 15. Bc1 h4 16. Qf2 Nh5 17. Bxh5 Rxh5 18. f5 Bd7 19. a4 bxa4 20. Nd2 Nb6 21. Qe2 Rh6 22. Qxa6 a3 23. Qd3 Qc7 24. Ndb1 axb2 25. Bxb2 Qc4 26. Bc1 Rh8 27. Be3 Bd8 28. Ra6 Rc6 29. Bxb6 Qxd3 30. cxd3 Rxb6 31. Ra7 Rb3 32. Rc1 Bc6 33. Nd2 Rb7 34. Rxb7 Bxb7 35. Nb5 Kd7 36. Nc4 Rh6 37. Rb1 Ba6 38. Ne3 Kc6 39. Na7+ Kc5 40. Nd5 Bg5 41. Rb3 Bd2 42. Kg1 Kd4 43. Nc6+ Kc5 44. Kf2 Kxc6 45. Rb6+ Kc5 46. Rxa6 Rh5 47. Ra2 Bh6 48. Rc2+ Kb5 49. Rc7 f6 50. Rd7 Kc6 51. Rc7+ Kb5 52. Rd7 Kc6 53. Rc7+ 1/2-1/2

[Event "Oberliga Nord O 2122"]
[Site "Germany"]
[Date "2022.05.01"]
[Round "9.3"]
[White "Horn, Sven"]
[Black "Szadkowski, Kamil"]
[Result "1/2-1/2"]
[WhiteElo "2065"]
[BlackElo "2328"]
[PlyCount "245"]
[EventDate "2021.10.31"]
[EventType "team-tourn"]
[EventRounds "9"]
[EventCountry "GER"]
[SourceTitle "EXT 2023"]
[Source "ChessBase"]
[SourceDate "2022.10.05"]
[SourceVersion "1"]
[SourceVersionDate "2022.10.05"]
[SourceQuality "1"]
[WhiteTeam "Oberschoeneweide"]
[BlackTeam "Glueck Auf Ruedersdorf"]
[WhiteTeamCountry "GER"]
[BlackTeamCountry "GER"]

1. e4 c5 2. Nf3 d6 3. d4 cxd4 4. Nxd4 Nf6 5. Nc3 a6 6. Be2 e5 7. Nb3 Be7 8. 0-0 0-0 9. Be3 Be6 10. f3 Nbd7 11. Nd5 Bxd5 12. exd5 b5 13. a4 Nb6 14. axb5 Nbxd5 15. Bf2 axb5 16. Bxb5 Qc7 17. g3 Rxa1 18. Nxa1 Rb8 19. Qe2 Qb7 20. c4 Nc7 21. Ba4 Qxb2 22. Qd3 d5 23. cxd5 Ncxd5 24. Bb3 Nc3 25. Qc4 Nfd5 26. Re1 h6 27. Bc2 Bf6 28. Ba7 Ra8 29. Qc6 Rd8 30. Qc4 Qb7 31. Bf2 Rc8 32. Qd3 g6 33. Bb3 Kg7 34. Kg2 Nb4 35. Qe3 Nb5 36. Rd1 Nd4 37. Rb1 Qb5 38. Bd1 Qc4 39. Nb3 Nd5 40. Qd2 Nc3 41. Rb2 Nxd1 42. Qxd1 Nxb3 43. Qxb3 Qxb3 44. Rxb3 Rc2 45. Rb4 g5 46. g4 Be7 47. Rb5 Bd6 48. Kf1 Kf6 49. h4 gxh4 50. Bxh4+ Ke6 51. Bf2 f5 52. Be3 fxg4 53. fxg4 Rc4 54. Bxh6 Rxg4 55. Ke2 Kf5 56. Be3 Ra4 57. Rd5 Be7 58. Rd7 Bf6 59. Rd2 Rh4 60. Kd3 Rh3 61. Rf2+ Ke6 62. Ke4 Be7 63. Ra2 Rh4+ 64. Kd3 Bf6 65. Ra6+ Kf5 66. Ke2 Rh2+ 67. Kd3 e4+ 68. Kc4 Re2 69. Bd4 Bg5 70. Ra8 Rc2+ 71. Kd5 e3 72. Rf8+ Kg4 73. Bxe3 Bxe3 74. Ke4 Bg5 75. Rg8 Re2+ 76. Kd3 Re6 77. Rf8 Bf4 78. Kd4 Kf3 79. Kd5 Rd6+ 80. Kc5 Rd1 81. Rf7 Ke4 82. Kc6 Rc1+ 83. Kb5 Be5 84. Rd7 Rc8 85. Kb4 Bd4 86. Kb5 Kd3 87. Rh7 Rc5+ 88. Kb4 Rc6 89. Rh3+ Be3 90. Rh5 Rc1 91. Kb5 Rb1+ 92. Kc6 Rb6+ 93. Kc7 Rf6 94. Rh4 Bd4 95. Rh1 Kc4 96. Rh5 Rg6 97. Rf5 Be3 98. Rh5 Bg5 99. Rh1 Kc5 100. Kd7 Be3 101. Rh5+ Kc4 102. Rf5 Kd4 103. Rh5 Bf4 104. Ra5 Rd6+ 105. Ke7 Rb6 106. Ra4+ Ke5 107. Ra5+ Ke4 108. Rh5 Be5 109. Rh1 Kd5 110. Rd1+ Bd4 111. Kf7 Rf6+ 112. Ke7 Rg6 113. Rf1 Rg7+ 114. Kf8 Rb7 115. Rd1 Ra7 116. Rd2 Ke5 117. Re2+ Kf6 118. Ke8 Be5 119. Rf2+ Ke6 120. Rd2 Re7+ 121. Kd8 Rh7 122. Kc8 Rc7+ 123. Kd8 1/2-1/2

[Event "Oberliga Nord O 2122"]
[Site "Germany"]
[Date "2022.03.20"]
[Round "7.5"]
[White "Leisner, Hannes"]
[Black "Szadkowski, Kamil"]
[Result "1/2-1/2"]
[WhiteElo "2247"]
[BlackElo "2325"]
[PlyCount "22"]
[EventDate "2021.10.31"]
[EventType "team-tourn"]
[EventRounds "9"]
[EventCountry "GER"]
[SourceTitle "EXT 2023"]
[Source "ChessBase"]
[SourceDate "2022.10.05"]
[SourceVersion "1"]
[SourceVersionDate "2022.10.05"]
[SourceQuality "1"]
[WhiteTeam "Greifswald"]
[BlackTeam "Glueck Auf Ruedersdorf"]
[WhiteTeamCountry "GER"]
[BlackTeamCountry "GER"]

1. e3 Nf6 2. Nf3 e6 3. c4 d5 4. b3 Be7 5. Bb2 0-0 6. Be2 c5 7. 0-0 Nc6 8. d4 cxd4 9. Nxd4 Nxd4 10. Qxd4 dxc4 11. Bxc4 Qxd4 1/2-1/2

[Event "Titled Tuesday intern op 18th Jan"]
[Site "Chess.com INT"]
[Date "2022.01.18"]
[Round "9"]
[White "Szadkowski, Kamil"]
[Black "Clawitter, Craig"]
[Result "1-0"]
[WhiteElo "2323"]
[BlackElo "2050"]
[PlyCount "55"]
[EventDate "2022.01.18"]
[EventType "swiss (blitz)"]
[EventRounds "11"]
[EventCountry "USA"]
[SourceTitle "CBM 206 Extra"]
[Source "ChessBase"]
[SourceDate "2022.03.31"]
[SourceVersion "1"]
[SourceVersionDate "2022.03.31"]
[SourceQuality "1"]

1. e4 e6 2. d4 d5 3. Nc3 Bb4 4. e5 c5 5. a3 Bxc3+ 6. bxc3 Ne7 7. h4 Nbc6 8. h5 Qa5 9. Bd2 Bd7 10. h6 gxh6 11. Nf3 0-0-0 12. c4 Qc7 13. cxd5 Nxd5 14. c3 f6 15. exf6 cxd4 16. cxd4 e5 17. Bb5 exd4 18. Rxh6 Kb8 19. Rc1 Qb6 20. Bc4 Bf5 21. Kf1 Nc3 22. Bf4+ Ka8 23. Qd2 Qc5 24. Bd3 Bxd3+ 25. Qxd3 Qxa3 26. f7 Rhf8 27. Ng5 Qe7 28. Re1 1-0

[Event "Titled Tuesday intern op 18th Jan"]
[Site "Chess.com INT"]
[Date "2022.01.18"]
[Round "7"]
[White "Szadkowski, Kamil"]
[Black "Mangialardo, Tiago Carvalho"]
[Result "1-0"]
[WhiteElo "2323"]
[BlackElo "1965"]
[PlyCount "47"]
[EventDate "2022.01.18"]
[EventType "swiss (blitz)"]
[EventRounds "11"]
[EventCountry "USA"]
[SourceTitle "CBM 206 Extra"]
[Source "ChessBase"]
[SourceDate "2022.03.31"]
[SourceVersion "1"]
[SourceVersionDate "2022.03.31"]
[SourceQuality "1"]

1. e4 Nf6 2. e5 Nd5 3. Nc3 Nxc3 4. dxc3 d6 5. Bf4 Nc6 6. Bb5 Bd7 7. Qe2 dxe5 8. Bxe5 Nxe5 9. Qxe5 a6 10. Bxd7+ Qxd7 11. Rd1 Qc6 12. Nf3 f6 13. Qe3 e5 14. 0-0 Bc5 15. Nxe5 fxe5 16. Qxe5+ Kf7 17. Qf5+ Kg8 18. Rd5 Be7 19. Re1 Bf6 20. Re6 Re8 21. Rxe8+ Qxe8 22. g4 Kf7 23. Rd7+ Kf8 24. g5 1-0

[Event "Lodz Jan Krzysztof Duda Cup"]
[Site "Lodz"]
[Date "2021.11.13"]
[Round "8"]
[White "Tomaszewski, Kacper"]
[Black "Szadkowski, Kamil"]
[Result "1-0"]
[WhiteElo "2307"]
[BlackElo "2338"]
[PlyCount "43"]
[EventDate "2021.11.13"]
[EventType "swiss (rapid)"]
[EventRounds "9"]
[EventCountry "POL"]
[SourceTitle "CBM 205 Extra"]
[Source "ChessBase"]
[SourceDate "2022.01.31"]
[SourceVersion "1"]
[SourceVersionDate "2022.01.31"]
[SourceQuality "1"]

1. d4 Nf6 2. c4 e6 3. Nc3 Bb4 4. Bf4 0-0 5. e3 b6 6. Nge2 Bb7 7. a3 Be7 8. d5 d6 9. e4 e5 10. Be3 c6 11. Ng3 cxd5 12. cxd5 Re8 13. Be2 Ba6 14. Nb5 Nfd7 15. b4 Bxb5 16. Bxb5 a5 17. 0-0 Bg5 18. Nf5 axb4 19. Qg4 Bf6 20. axb4 Rxa1 21. Rxa1 Rf8 22. Bh6 1-0

[Event "Oberliga Nord O 2122"]
[Site "Germany"]
[Date "2021.10.31"]
[Round "1.4"]
[White "Szajbely, Zsigmond"]
[Black "Szadkowski, Kamil"]
[Result "1/2-1/2"]
[WhiteElo "2249"]
[BlackElo "2338"]
[PlyCount "99"]
[EventDate "2021.10.31"]
[EventType "team-tourn"]
[EventRounds "9"]
[EventCountry "GER"]
[SourceTitle "EXT 2023"]
[Source "ChessBase"]
[SourceDate "2022.10.05"]
[SourceVersion "1"]
[SourceVersionDate "2022.10.05"]
[SourceQuality "1"]
[WhiteTeam "Berlin Empor"]
[BlackTeam "Glueck Auf Ruedersdorf"]
[WhiteTeamCountry "GER"]
[BlackTeamCountry "GER"]

1. e4 c5 2. Nf3 d6 3. d4 cxd4 4. Nxd4 Nf6 5. Nc3 a6 6. Be3 e5 7. Nb3 Be6 8. f3 h5 9. Nd5 Bxd5 10. exd5 g6 11. Qd2 Bg7 12. Be2 0-0 13. 0-0 b6 14. Rac1 Nbd7 15. c4 a5 16. h3 Nc5 17. Na1 Nfd7 18. Nc2 Kh7 19. Na3 f5 20. Nb5 f4 21. Bxc5 Nxc5 22. Qc2 Bf6 23. b3 Kh6 24. a3 a4 25. b4 Nb3 26. Rcd1 Rg8 27. Qe4 Qd7 28. Bd3 Rae8 29. Bc2 Nd4 30. Bxa4 Nf5 31. Nc3 Qa7 32. Bxe8 Rxe8 33. Nb5 Qa4 34. Rc1 Rc8 35. Qd3 Be7 36. Rfe1 Bh4 37. Red1 Be7 38. Kh2 Ne3 39. Re1 Qa6 40. Rc3 Nf5 41. c5 bxc5 42. bxc5 Bh4 43. Rec1 Bg3+ 44. Kg1 dxc5 45. d6 c4 46. d7 Qb6+ 47. Kh1 Rd8 48. Qxc4 Rxd7 49. Qe2 Bf2 50. Kh2 1/2-1/2

[Event "Bydgoszcz PGNiG Rapid"]
[Site "Bydgoszcz"]
[Date "2021.09.18"]
[Round "6"]
[White "Kowalczyk, Pawel"]
[Black "Szadkowski, Kamil"]
[Result "1/2-1/2"]
[WhiteElo "2339"]
[BlackElo "2338"]
[PlyCount "254"]
[EventDate "2021.09.18"]
[EventType "swiss (rapid)"]
[EventRounds "9"]
[EventCountry "POL"]
[SourceTitle "CBM 204 Extra"]
[Source "ChessBase"]
[SourceDate "2021.11.30"]
[SourceVersion "1"]
[SourceVersionDate "2021.11.30"]
[SourceQuality "1"]

1. a3 e5 2. c4 Nf6 3. Nc3 Nc6 4. e3 Be7 5. d4 exd4 6. exd4 d5 7. cxd5 Nxd5 8. Bc4 Nb6 9. Bb5 0-0 10. d5 Ne5 11. Nge2 Bg4 12. h3 Bh5 13. 0-0 a6 14. Bd3 Nxd3 15. Qxd3 Bg6 16. Qf3 Bd6 17. Nf4 Qf6 18. Qg4 Rfe8 19. Rd1 Qe5 20. g3 Bc2 21. Rf1 Rad8 22. Be3 Nc4 23. Rfe1 Qf5 24. Qxf5 Bxf5 25. g4 Bc8 26. Nd3 Ne5 27. Red1 Nf3+ 28. Kg2 Nh4+ 29. Kh1 h5 30. Bg5 Be7 31. Bxh4 Bxh4 32. f3 Re3 33. Kg2 Rde8 34. Rd2 Bg5 35. Rad1 b6 36. Nf2 Bf4 37. Rd4 Be5 38. Re4 Bxc3 39. Rxe8+ Rxe8 40. bxc3 hxg4 41. hxg4 Bb7 42. c4 Re3 43. Rd3 Re2 44. Kg3 Rc2 45. Rd4 Rc3 46. a4 Kf8 47. Nd3 Bc8 48. Ne5 Ra3 49. c5 bxc5 50. Rc4 f6 51. Ng6+ Kf7 52. Nf4 g5 53. Nh5 f5 54. Rxc5 f4+ 55. Kf2 Ra2+ 56. Ke1 Bd7 57. Rxc7 Ke7 58. Rc5 Kd6 59. Rc3 Bxa4 60. Nf6 Bb5 61. Ne4+ Kxd5 62. Nxg5 Kd4 63. Rc7 Kd3 64. Nh3 Re2+ 65. Kd1 Rh2 66. Nxf4+ Ke3 67. Nd5+ Kxf3 68. g5 Rg2 69. Rg7 Ke4 70. Nc7 Kd3 71. Ke1 Bc4 72. g6 Kc2 73. Re7 Rxg6 74. Nxa6 Bxa6 75. Kf2 Rf6+ 76. Ke3 Kc3 77. Ke4 Bc4 78. Ke5 Rf2 79. Ra7 Re2+ 80. Kf4 Kd4 81. Ra4 Rf2+ 82. Kg3 Rf6 83. Kg4 Kd5 84. Kg5 Rf8 85. Ra1 Bd3 86. Ra5+ Ke6 87. Kg4 Be4 88. Rb5 Bd5 89. Rb1 Ke5 90. Rb5 Rg8+ 91. Kh4 Kd4 92. Kh5 Bf3+ 93. Kh6 Be4 94. Rg5 Re8 95. Kg7 Re7+ 96. Kf6 Rb7 97. Ra5 Rb6+ 98. Kg5 Rg6+ 99. Kh5 Rg7 100. Kh6 Rg1 101. Rg5 Rh1+ 102. Kg7 Bd5 103. Kf6 Rh6+ 104. Rg6 Rh3 105. Rg4+ Be4 106. Rg1 Rh6+ 107. Kg7 Ra6 108. Rg5 Ke3 109. Kf7 Kf4 110. Rb5 Bc6 111. Rc5 Ke4 112. Kf6 Bd5+ 113. Kg5 Ra8 114. Kf6 Rf8+ 115. Ke7 Rf7+ 116. Kd8 Ke5 117. Rc7 Rf8+ 118. Ke7 Rh8 119. Kd7 Rg8 120. Ke7 Ra8 121. Kd7 Ra6 122. Rc5 Rd6+ 123. Kc7 Rg6 124. Rc1 Rg7+ 125. Kb6 Rb7+ 126. Ka5 Kd6 127. Ka4 Rb8 1/2-1/2

[Event "Bydgoszcz PGNiG Rapid"]
[Site "Bydgoszcz"]
[Date "2021.09.18"]
[Round "4"]
[White "Pakleza, Zbigniew"]
[Black "Szadkowski, Kamil"]
[Result "1-0"]
[WhiteElo "2501"]
[BlackElo "2338"]
[PlyCount "75"]
[EventDate "2021.09.18"]
[EventType "swiss (rapid)"]
[EventRounds "9"]
[EventCountry "POL"]
[SourceTitle "CBM 204 Extra"]
[Source "ChessBase"]
[SourceDate "2021.11.30"]
[SourceVersion "1"]
[SourceVersionDate "2021.11.30"]
[SourceQuality "1"]

1. d4 Nf6 2. Nf3 g6 3. Bf4 Bg7 4. e3 d6 5. h3 0-0 6. Be2 b6 7. 0-0 Bb7 8. c3 c5 9. a4 a6 10. Nbd2 Nbd7 11. Bh2 Qc7 12. Qb3 Bc6 13. Rfd1 Qb7 14. c4 Qc7 15. d5 Bb7 16. e4 Ne8 17. Qc2 Ne5 18. Ne1 f5 19. f4 Nd7 20. Nef3 h6 21. Nh4 Bd4+ 22. Kh1 Rf6 23. exf5 g5 24. fxg5 hxg5 25. Nhf3 Ng7 26. Nxg5 Raf8 27. Rf1 Rxf5 28. Rxf5 Rxf5 29. Ne6 Nxe6 30. Qxf5 Ng7 31. Qg5 Bxb2 32. Rf1 Bf6 33. Qh6 b5 34. Bd3 bxc4 35. Qh7+ Kf8 36. Bg6 Bxd5 37. Qh8+ Bg8 38. Bh7 1-0

[Event "POL-chT 1st League"]
[Site "Szklarska Poreba"]
[Date "2021.09.11"]
[Round "8.7"]
[White "Szadkowski, Kamil"]
[Black "Pacan Milej, Kosma"]
[Result "1/2-1/2"]
[WhiteElo "2338"]
[BlackElo "2401"]
[PlyCount "42"]
[EventDate "2021.09.04"]
[EventType "team-swiss"]
[EventRounds "9"]
[EventCountry "POL"]
[SourceTitle "CBM 204 Extra"]
[Source "ChessBase"]
[SourceDate "2021.11.30"]
[SourceVersion "1"]
[SourceVersionDate "2021.11.30"]
[SourceQuality "1"]
[WhiteTeam "Konin UKS Smecz"]
[BlackTeam "Dabrowa Gornicza Zaglebie"]
[WhiteTeamCountry "POL"]
[BlackTeamCountry "POL"]

1. e4 c5 2. Nf3 Nc6 3. d4 cxd4 4. Nxd4 Nf6 5. Nc3 e5 6. Ndb5 d6 7. Bg5 a6 8. Na3 b5 9. Nd5 Be7 10. Bxf6 Bxf6 11. c3 Rb8 12. Nc2 Bg5 13. a4 bxa4 14. Ncb4 Nxb4 15. cxb4 Bd7 16. Bxa6 0-0 17. 0-0 Qe8 18. Nc7 Qd8 19. Nd5 Qe8 20. Nc7 Qd8 21. Nd5 Qe8 1/2-1/2

[Event "POL-chT 1st League"]
[Site "Szklarska Poreba"]
[Date "2021.09.09"]
[Round "6.8"]
[White "Szadkowski, Kamil"]
[Black "Toczek, Grzegorz"]
[Result "1/2-1/2"]
[WhiteElo "2338"]
[BlackElo "2271"]
[PlyCount "27"]
[EventDate "2021.09.04"]
[EventType "team-swiss"]
[EventRounds "9"]
[EventCountry "POL"]
[SourceTitle "CBM 204 Extra"]
[Source "ChessBase"]
[SourceDate "2021.11.30"]
[SourceVersion "1"]
[SourceVersionDate "2021.11.30"]
[SourceQuality "1"]
[WhiteTeam "Konin UKS Smecz"]
[BlackTeam "Sedziszow Malopolski"]
[WhiteTeamCountry "POL"]
[BlackTeamCountry "POL"]

1. e4 c5 2. Nf3 d6 3. d4 cxd4 4. Nxd4 Nf6 5. Nc3 Nc6 6. f3 Qb6 7. Nb3 e6 8. Qe2 a6 9. g4 Nd7 10. Be3 Qc7 11. a4 b6 12. Bg2 Be7 13. g5 Bb7 14. 0-0 1/2-1/2

[Event "POL-chT 1st League"]
[Site "Szklarska Poreba"]
[Date "2021.09.08"]
[Round "5.9"]
[White "Pniaczek, Marek"]
[Black "Szadkowski, Kamil"]
[Result "1-0"]
[WhiteElo "2314"]
[BlackElo "2338"]
[PlyCount "73"]
[EventDate "2021.09.04"]
[EventType "team-swiss"]
[EventRounds "9"]
[EventCountry "POL"]
[SourceTitle "CBM 204 Extra"]
[Source "ChessBase"]
[SourceDate "2021.11.30"]
[SourceVersion "1"]
[SourceVersionDate "2021.11.30"]
[SourceQuality "1"]
[WhiteTeam "Chrzanow Olimpijczyk"]
[BlackTeam "Konin UKS Smecz"]
[WhiteTeamCountry "POL"]
[BlackTeamCountry "POL"]

1. e4 c5 2. Nf3 d6 3. d4 cxd4 4. Nxd4 Nf6 5. Nc3 a6 6. h3 e6 7. g4 Be7 8. Bg2 Nfd7 9. Be3 Nc6 10. 0-0 g5 11. Nce2 h5 12. gxh5 Nce5 13. Ng3 b5 14. b3 Bb7 15. h6 Rxh6 16. Nh5 Nc5 17. Ng3 Ng6 18. b4 Nd7 19. Ndf5 exf5 20. Nxf5 Rh7 21. Bxg5 Bxg5 22. Nxd6+ Kf8 23. Nxb7 Qc7 24. Qd6+ Qxd6 25. Nxd6 Nde5 26. a4 Rd8 27. Nf5 Nf4 28. axb5 axb5 29. Rfd1 Nxh3+ 30. Bxh3 Rxh3 31. f4 Rxd1+ 32. Rxd1 f6 33. fxg5 fxg5 34. Rd5 Nc4 35. Rxb5 Rc3 36. Rc5 Rxc2 37. Rc8+ 1-0

[Event "POL-chT 1st League"]
[Site "Szklarska Poreba"]
[Date "2021.09.07"]
[Round "4.12"]
[White "Szadkowski, Kamil"]
[Black "Chojnacki, Krzysztof"]
[Result "1/2-1/2"]
[WhiteElo "2338"]
[BlackElo "2377"]
[PlyCount "83"]
[EventDate "2021.09.04"]
[EventType "team-swiss"]
[EventRounds "9"]
[EventCountry "POL"]
[SourceTitle "CBM 204 Extra"]
[Source "ChessBase"]
[SourceDate "2021.11.30"]
[SourceVersion "1"]
[SourceVersionDate "2021.11.30"]
[SourceQuality "1"]
[WhiteTeam "Konin UKS Smecz"]
[BlackTeam "Chrobry Gniezno"]
[WhiteTeamCountry "POL"]
[BlackTeamCountry "POL"]

1. e4 e5 2. Nf3 Nc6 3. Bb5 a6 4. Ba4 Nf6 5. 0-0 Be7 6. Re1 b5 7. Bb3 d6 8. c3 0-0 9. h3 Nb8 10. d4 Nbd7 11. Nbd2 Bb7 12. Bc2 Re8 13. Nf1 Bf8 14. Ng3 g6 15. a4 c5 16. d5 c4 17. Bg5 Nc5 18. Qd2 Be7 19. Rf1 Nfd7 20. Bh6 Nxa4 21. Bxa4 bxa4 22. Rxa4 a5 23. Be3 Ba6 24. Nh2 Bh4 25. Ne2 Qc7 26. Ng4 h5 27. Nh6+ Kg7 28. f4 Rf8 29. fxe5 dxe5 30. d6 Qc6 31. Bg5 Qxa4 32. Bxh4 f6 33. Ng3 Qc6 34. Nhf5+ gxf5 35. Nxf5+ Kf7 36. Qh6 Ke6 37. Rd1 Qxe4 38. Qh7 Bb7 39. Ng7+ Kf7 40. Nf5+ Ke6 41. Ng7+ Kf7 42. Nf5+ 1/2-1/2

[Event "POL-chT 1st League"]
[Site "Szklarska Poreba"]
[Date "2021.09.05"]
[Round "2.11"]
[White "Szadkowski, Kamil"]
[Black "Baum, Jonasz"]
[Result "1/2-1/2"]
[WhiteElo "2338"]
[BlackElo "2254"]
[PlyCount "40"]
[EventDate "2021.09.04"]
[EventType "team-swiss"]
[EventRounds "9"]
[EventCountry "POL"]
[SourceTitle "CBM 204 Extra"]
[Source "ChessBase"]
[SourceDate "2021.11.30"]
[SourceVersion "1"]
[SourceVersionDate "2021.11.30"]
[SourceQuality "1"]
[WhiteTeam "Konin UKS Smecz"]
[BlackTeam "Warszawa Czternastka"]
[WhiteTeamCountry "POL"]
[BlackTeamCountry "POL"]

1. e4 c5 2. Nf3 d6 3. d4 cxd4 4. Nxd4 Nf6 5. Nc3 a6 6. Bc4 e6 7. Bb3 Nc6 8. 0-0 Be7 9. Be3 Qc7 10. f4 b5 11. f5 Nxd4 12. Bxd4 b4 13. Ba4+ Kf8 14. Bxf6 Bxf6 15. Ne2 exf5 16. Ng3 Bxb2 17. Rb1 Be5 18. Nxf5 Be6 19. Bb3 Bxb3 20. cxb3 g6 1/2-1/2

[Event "Ustron op-A"]
[Site "Ustron"]
[Date "2021.08.18"]
[Round "7"]
[White "Szadkowski, Kamil"]
[Black "Suder, Jakub"]
[Result "1/2-1/2"]
[WhiteElo "2282"]
[BlackElo "2346"]
[PlyCount "28"]
[EventDate "2021.08.13"]
[EventType "swiss"]
[EventRounds "9"]
[EventCountry "POL"]
[SourceTitle "CBM 203 Extra"]
[Source "ChessBase"]
[SourceDate "2021.09.30"]
[SourceVersion "1"]
[SourceVersionDate "2021.09.30"]
[SourceQuality "1"]

1. e4 c5 2. Nf3 Nc6 3. d4 cxd4 4. Nxd4 e5 5. Nb5 d6 6. a4 Be6 7. N1c3 a6 8. Na3 Rc8 9. Bc4 Qh4 10. g3 Qh3 11. Bf1 Qg4 12. Be2 Qh3 13. Bf1 Qg4 14. Be2 Qh3 1/2-1/2

[Event "Ustron op-A"]
[Site "Ustron"]
[Date "2021.08.17"]
[Round "6"]
[White "Szadkowski, Kamil"]
[Black "Kokoszczynski, Jan"]
[Result "1/2-1/2"]
[WhiteElo "2282"]
[BlackElo "2253"]
[PlyCount "46"]
[EventDate "2021.08.13"]
[EventType "swiss"]
[EventRounds "9"]
[EventCountry "POL"]
[SourceTitle "CBM 203 Extra"]
[Source "ChessBase"]
[SourceDate "2021.09.30"]
[SourceVersion "1"]
[SourceVersionDate "2021.09.30"]
[SourceQuality "1"]

1. e4 c5 2. Nf3 Nc6 3. d4 cxd4 4. Nxd4 e5 5. Nb5 d6 6. a4 a6 7. N5a3 Nf6 8. Nc3 Be6 9. Bc4 Be7 10. Bg5 0-0 11. 0-0 Rc8 12. Bxf6 Bxf6 13. Bd5 Bg5 14. Nc4 Nd4 15. Ne3 Qb6 16. Ra2 Bxe3 17. fxe3 Nc6 18. Qd2 Nb4 19. Bxe6 fxe6 20. Raa1 Rfd8 21. Qf2 Rf8 22. Qd2 Rfd8 23. Qf2 Rf8 1/2-1/2